| 000 | 00622nam a2200217Ia 4500 | ||
|---|---|---|---|
| 005 | 20250508162103.0 | ||
| 008 | 008 250505s9999 xx 000 0 eng d | ||
| 020 | _a0-06-044032-5 | ||
| 037 | _aTextual | ||
| 040 |
_aFEDL _beng _cFEDL |
||
| 041 |
_aeng _2eng |
||
| 084 |
_a371.1472, LIP _qFEDL |
||
| 100 |
_aLipham James M _9766315 |
||
| 245 | 0 | _aPrincipalship : Foundations and functions | |
| 260 |
_aNew York, USA _bHarper and Row Publisher _c1974 |
||
| 300 | _axii,372p | ||
| 650 | _aTeaching | ||
| 700 |
_a Hoeh James A _9772259 |
||
| 942 |
_cTEXL _h371.1472, LIP |
||
| 999 |
_c1374304 _d1374304 |
||